Marx Brothers Movies Quiz Stats

Quiz not verified by Sporcle

Also try: Disney Twosomes
Challenge
Share
Tweet
Embed
Score 0/14 Timer 05:00
0 Plays Today
% Correct
Duck Soup
100%
A Night at the Opera
95.8%
A Day at the Races
91.7%
Horse Feathers
79.2%
Monkey Business
58.3%
Animal Crackers
54.2%
The Big Store
45.8%
% Correct
Go West
37.5%
A Night in Casablanca
37.5%
At The Circus
33.3%
Love Happy
33.3%
Room Service
25%
The Cocoanauts
20.8%
The House That Shadows Built
8.3%

You're not logged in!

Compare scores with friends on all Sporcle quizzes.
Join for Free
OR
Log In

You Might Also Like...

Show Comments

Extras

Created Mar 9, 2010ReportNominate

Top Quizzes Today


Score Distribution

Your Account Isn't Verified!

In order to create a playlist on Sporcle, you need to verify the email address you used during registration. Go to your Sporcle Settings to finish the process.

Report this User

Report this user for behavior that violates our Community Guidelines.

Details: